000 00363nam a2200133Ia 4500
005 20260326100034.0
008 260326s9999||||xx |||||||||||||| ||und||
100 _aDisselhoff, Hans Dietrich
245 0 _aAmérica Precolombina :
_b El Arte de Los Pueblos /
_cHans Dietrich Disselhoff
260 _bPraxis
300 _a295 p.
650 _aARTE MAYA
942 _cBK
999 _c6739
_d6739